000 00497nam a2200193Ia 4500
005 20250320030648.0
008 240331s9999 xx 000 0 und d
020 _a0415106001
082 _a302.22
_bKRE
_22432
100 _aKress, G
100 _avan Leeuwen, T
245 0 _aReading Images:
_bThe Grammar of Visual Design
260 _aLondon;
_aNew York,
_bRoutledge
_c1996
300 _ax, 288 p.,
650 _aLanguage
650 _aVisual Communication
650 _aSociety
942 _cL
999 _c1097
_d1097